Las etapas del pensamiento sociológico (Record no. 207174)
[ view plain ]
| 000 -CABECERA | |
|---|---|
| campo de control de longitud fija | 00926nam a2200265 u 4500 |
| 005 - FECHA Y HORA DE LA ÚLTIMA TRANSACCIÓN | |
| campo de control | 20241203063725.0 |
| 008 - ELEMENTOS DE LONGITUD FIJA--INFORMACIÓN GENERAL | |
| campo de control de longitud fija | 200123s1976 ag r 000 0 spa d |
| 035 ## - NÚMERO DE CONTROL DEL SISTEMA | |
| Número de control de sistema | UPN01000235079 |
| 040 ## - FUENTE DE LA CATALOGACIÓN | |
| Centro catalogador/agencia de origen | MX-MxUPN |
| Lengua de catalogación | spa |
| Centro/agencia transcriptor | MX-MxUPN |
| 041 1# - CÓDIGO DE IDIOMA | |
| Código de lengua del texto/banda sonora o título independiente | spa |
| Código de lengua original | fre |
| 050 #4 - SIGNATURA TOPOGRÁFICA DE LA BIBLIOTECA DEL CONGRESO | |
| Número de clasificación | HM435 |
| Número de documento/Ítem | A76 1976 |
| 100 1# - ASIENTO PRINCIPAL--NOMBRE PERSONAL | |
| Nombre de persona | Aron, Raymond, |
| Fechas asociadas al nombre | 1905-1983 |
| 9 (RLIN) | 28754 |
| 240 10 - TÍTULO UNIFORME | |
| Título uniforme | Les etapes de la pensee sociologique. |
| Lenguaje de la obra | Español |
| 245 14 - MENCIÓN DE TÍTULO | |
| Título | Las etapas del pensamiento sociológico |
| 260 ## - PUBLICACIÓN, DISTRIBUCIÓN, ETC. | |
| Lugar de publicación, distribución, etc. | Buenos Aires, Argentina : |
| Nombre del editor, distribuidor, etc. | Ediciones Siglo XX, |
| Fecha de publicación, distribución, etc. | 1976. |
| 300 ## - DESCRIPCIÓN FÍSICA | |
| Extensión | 2 volúmenes |
| 500 ## - NOTA GENERAL | |
| Nota general | Traducción de: Les etapes de la pensee sociologique. |
| 505 0# - NOTA DE CONTENIDO CON FORMATO PREESTABLECIDO | |
| Nota de contenido con formato | Contenido: v. 1. Montesquieu - Comte - Marx - Tocqueville. -- v. 2. Durkheim - Paveto - Weber. |
| 650 #4 - ASIENTO SECUNDARIO DE MATERIA - TERMINO TEMATICO | |
| Término de materia o nombre geográfico como elemento de entrada | Sociología |
| Subdivisión general | Historia |
| 9 (RLIN) | 7604 |
| 700 1# - ASIENTO SECUNDARIO--NOMBRE DE PERSONAL | |
| 9 (RLIN) | 47202 |
| Nombre de persona | Leal, Aníbal |
| Término indicativo de función/relación | traducción |
| 902 ## - ELEMENTOS DE DATOS B LOCAL, LDB (RLIN) | |
| Modificó | NoemiAcosta/230323 |
| 905 ## - TIPO DE MATERIAL | |
| Tipo de material | Libro |
| 942 ## - ELEMENTOS DE PUNTO DE ACCESO ADICIONAL (KOHA) | |
| Suprimir en OPAC | No |
| Fuente del sistema de clasificación o colocación | Library of Congress Classification |
| Tipo de ítem Koha | Libro |
| Estado de retiro | Estado de pérdida | Fuente del sistema de clasificación o colocación | Estado dañado | No para préstamo | Código de colección | Localización permanente | Ubicación/localización actual | Ubicación en estantería | Fecha de adquisición | Enumeración/cronología de publicación seriada | Clasificación | Código de barras | Fecha visto por última vez | Tipo de ítem Koha | Nota pública |
|---|---|---|---|---|---|---|---|---|---|---|---|---|---|---|---|
| Library of Congress Classification | Colección General | Bib. Gregorio Torres Quintero | Bib. Gregorio Torres Quintero | Planta baja | 23/03/2023 | v.2 | HM435 A76 1976 | 333651 | 31/12/2020 | Libro | Ejemplar firmado | ||||
| Library of Congress Classification | Colección General | Bib. Gregorio Torres Quintero | Bib. Gregorio Torres Quintero | Planta baja | 23/03/2023 | v.1 | HM435 A76 1976 | 333650 | 31/12/2020 | Libro | Ejemplar firmado |
